Erkenne den Anime Charakter - Statistiken

Allgemein
  • Dieses Quiz wurde 211 mal gespielt
  • Das Durchschnittsergebnis liegt bei 6 aus 11
Antwortstatistiken
Bildquiz Antwort % Korrekt
Heidi
94%
Eren
86%
Light
84%
Meliodas
76%
Anya
75%
Kirito
72%
Ranma
50%
Soma
39%
Alucard
38%
Mei
7%
Hayato
1%
Keine übereinstimmenden Quizze gefunden
Verteilung der Resultate
Anzahl Personen mit jedem Resultat
Perzentil nach korrekt beantworteten Fragen
Ihre Resultats-Entwicklung
Sie haben dieses Quiz noch nicht gespielt